000 00313nam a22001337a 4500
020 _a9788171100835
082 _a491.25 MIS
100 _aMishra, Madhusudan
245 _aAn Introduction to Sanskrit
260 _aDelhi
_bParimal Publications
_c2012
300 _a384
650 _aSanskrit Grammar
942 _cBK
999 _c19973
_d19973